Classic Irish Drama

Uloženo v:
Podrobná bibliografie
Médium: Kniha
Jazyk:Undetermined
Vydáno: Londres, Inglaterra Penguin Books 1975
Témata:
Tagy: Přidat tag
Žádné tagy, Buďte první, kdo vytvoří štítek k tomuto záznamu!

MARC

LEADER 00000nam a2200000Ia 4500
008 170316s9999 xx 000 0 und d
090 |a 800-Ir C-1c 
245 |a Classic Irish Drama 
260 |a Londres, Inglaterra 
260 |b Penguin Books 
260 |c 1975 
300 |a 224 páginas 
650 |a OTRAS LITERATURAS 
650 |a LITERATURA DE IRLANDA 
999 |c 19917  |d 19917 
040 |a cru BVZT 
942 |c 15 D  |h 800-Ir C-1c  |2 z